000 00539cam a22001697a 4500
008 180718b2003 xxu||||| |||| 00| 0 eng d
100 _aDaveri, Francesco
245 _aThe twin effects of globalization
_cby Francesco Daveri, Paolo Manasse and Danila Serra
260 _aWashington, D.C.
_bWorld Bank
_c2003
300 _a31p.
440 _aPolicy research working paper; 3154
650 _aIndustries --India
650 _aCompetition, International
650 _aGlobalization
700 _aSerra, Danila
700 _aManasse, Paolo
999 _c289892
_d289892